• 首页
  • 本馆介绍
  • 公告通知
  • 最新文献
  • 馆藏检索
  • 电子资源
  • 读者导购
  • 参考咨询
  • 我的图书馆
  • 登录
  • 详细信息显示
  • 放入我的书架
  • 预约/预借图书
  • 作者相关作品
  • 分类相关作品
  • 丛书相关作品
  • 出版社相关作品

书目信息

  • 表格格式
  • 工作单格式
  • 卡片格式
题名:
京剧“样板戏”音乐论纲
    
 
作者: 汪人元 著
分册:  
出版信息: 北京   人民音乐出版社  1999
页数: 229页
开本: 19cm
丛书名:
单 册:
中图分类: J617.1
科图分类:
主题词: 京剧,样板戏--戏剧音乐--研究 , 音乐--技术--方法
电子资源:
ISBN: 7-103-01686-0
000 00608nam0 2200205 45
001 0304221198
005 20031219104109.7
010    @a7-103-01686-0@dCNY11.10
100    @a20030422d1999 km y0chiy0120 ea
101 0  @achi
105    @ag z 000yy
200 1  @a京剧“样板戏”音乐论纲@AJing Ju“Yang Ban Xi”Yin Yue Lun Gang@f汪人元著@FWang Ren Yuan Zhu
210    @a北京@c人民音乐出版社@d1999
215    @a229页@d19cm
606 0  @a京剧,样板戏@x戏剧音乐@x研究
606 0  @a音乐@x技术@x方法
690    @aJ617.1@v4
701  0 @a汪人元@4著
801    @aCN@bTSTC@c20030422
905    @b323088-092@dJ617.1@e248@f5
    
    京剧“样板戏”音乐论纲/汪人元著.-北京:人民音乐出版社,1999
    229页;19cm
    
    
    ISBN 7-103-01686-0:CNY11.10
    
●
相关链接 在E读中查询图书 在五车中查询图书 在当当中查询图书 在豆瓣中查询图书


正题名:京剧"样板戏"音乐论纲     索取号:J617.1/248         预约/预借

序号 登录号 条形码 馆藏地/架位号 状态 备注
1 0323088   203230887   第一借阅区/ [索取号:J617.1/248] 在馆    
2 0323089   203230896   第一借阅区/ [索取号:J617.1/248] 在馆    
3 0323090   203230903   第一借阅区/ [索取号:J617.1/248] 在馆    
4 0323091   203230912   第一借阅区/ [索取号:J617.1/248] 在馆    
5 0323092   203230921   第一样本阅览室/ [索取号:J617.1/248] 在馆    
唐山师范学院图书馆 欢迎您!
大连网信软件有限公司© 版权所有